[Event "2. Bundesliga West 2009/20010"]
[Site "Kufstein"]
[Date "2009.11.28"]
[Round "5"]
[Board "2"]
[White "Froewis, Georg"]
[Black "Neuschmied, Siegfried"]
[Result "1/2-1/2"]
[WhiteElo "2220"]
[BlackElo "2282"]
[PlyCount "133"]
[EventDate "2009.10.23"]
[EventType "team"]
[EventRounds "11"]
[EventCountry "AUT"]
[WhiteTeam "Hohenems II"]
[BlackTeam "Hypo Kufstein"]

1.e4 c6 2.c4 d5 3.exd5 cxd5 4.cxd5 Qxd5 5.Nc3 Qd6 6.Nf3 Nf6 7.d4 e6 8.Bd3 Be7
9.Nb5 Qd8 10.O-O O-O 11.a3 a6 12.Nc3 b5 13.Bc2 Bb7 14.Re1 Nbd7 15.Bg5 Re8 16.Qd3
g6 17.Rad1 Qc7 18.Bb3 Rad8 19.Qe2 Ng4 20.Bxe7 Rxe7 21.d5 Nc5 22.Ba2 Ree8 23.h3
Nf6 24.b4 exd5 25.Qd2 Nce4 26.Nxe4 Nxe4 27.Qh6 Qc3 28.Qc1 Qxc1 29.Rxc1 Rc8
30.Nd4 Kf8 31.f3 Nd6 32.Rxe8+ Kxe8 33.Rxc8+ Nxc8 34.Nb3 Nb6 35.Nc5 Bc8 36.Kf2
Ke7 37.Ke3 Nc4+ 38.Bxc4 dxc4 39.Ne4 h6 40.h4 Ke6 41.Nc3 Bb7 42.g3 Ke5 43.a4 Bc6
44.axb5 axb5 45.Ne2 Bd7 46.Nc3 f6 47.Ne2 g5 48.Nc3 gxh4 49.gxh4 Kf5 50.Ne2 Be8
51.Nc3 Ke5 52.Ne2 f5 53.f4+ Kf6 54.Kf2 Bf7 55.Nc3 Be8 56.Nd5+ Ke6 57.Nc3 Kd6
58.Ke3 Bc6 59.Kd4 Ke6 60.Kc5 Be8 61.Kd4 Kf6 62.Ke3 Kg6 63.Kf2 Bc6 64.h5+ Kxh5
65.Kg3 Kg6 66.Kh4 Be8 67.Kg3

[Event "2. Bundesliga West 2009/20010"]
[Site "Kufstein"]
[Date "2009.11.28"]
[Round "5"]
[Board "3"]
[White "Astl, Peter"]
[Black "Novkovic, Milan"]
[Result "1/2-1/2"]
[WhiteElo "2248"]
[BlackElo "2393"]
[PlyCount "91"]
[EventDate "2009.10.23"]
[EventType "team"]
[EventRounds "11"]
[EventCountry "AUT"]
[WhiteTeam "Hypo Kufstein"]
[BlackTeam "Hohenems II"]

1.Nf3 d5 2.d4 c6 3.c4 e6 4.Qc2 dxc4 5.Qxc4 b5 6.Qc2 Bb7 7.Bg5 Nf6 8.Nbd2 Nbd7
9.e3 Be7 10.Be2 O-O 11.O-O Rc8 12.a3 c5 13.d5 exd5 14.Bxb5 a6 15.Bd3 g6 16.b3
Re8 17.Rfe1 Ne4 18.Bxe7 Qxe7 19.Qb2 f5 20.Rac1 a5 21.Bb5 Bc6 22.Bxc6 Rxc6 23.Qc2
Rb6 24.Qd3 Qd6 25.Red1 Reb8 26.Qc2 R8b7 27.Nc4 dxc4 28.Rxd6 Nxd6 29.bxc4 Ne4
30.h4 Ndf6 31.Ng5 Rb2 32.Qa4 Rxf2 33.Nxe4 Nxe4 34.Qe8+ Kg7 35.Rf1 Rd2 36.g4 Rbb2
37.Qe5+ Kh6 38.Qf4+ Kg7 39.Qc7+ Kf8 40.Qc8+ Ke7 41.Qc7+ Ke8 42.Qc8+ Ke7 43.Qc7+
Kf8 44.Qc8+ Kg7 45.Qc7+ Kh6 46.Qf4+

[Event "2. Bundesliga West 2009/20010"]
[Site "Kufstein"]
[Date "2009.11.28"]
[Round "5"]
[Board "4"]
[White "Atlas, Dimitry"]
[Black "Maurer, Jochen"]
[Result "1-0"]
[WhiteElo "2330"]
[BlackElo "2212"]
[PlyCount "115"]
[EventDate "2009.10.23"]
[EventType "team"]
[EventRounds "11"]
[EventCountry "AUT"]
[WhiteTeam "Hohenems II"]
[BlackTeam "Hypo Kufstein"]

1.e4 e5 2.Bc4 Nf6 3.d3 Nc6 4.Nf3 Be7 5.c3 O-O 6.O-O d6 7.a4 Bg4 8.h3 Bh5 9.Re1
Re8 10.a5 a6 11.Nbd2 Bf8 12.Nf1 h6 13.g4 Bg6 14.Nh4 Kh7 15.Qf3 d5 16.Nxg6 fxg6
17.Bxd5 Nxd5 18.exd5 e4 19.dxe4 Ne5 20.Qg3 c6 21.dxc6 bxc6 22.f4 Be7 23.fxe5 Bh4
24.Qe3 Bxe1 25.Qxe1 Qd3 26.Bf4 Rad8 27.Qg3 Qxe4 28.Re1 Qc2 29.Qg2 Qa4 30.Qe4
Qxa5 31.Qxc6 Rc8 32.Qg2 Rf8 33.Bg3 Qc7 34.Kh2 Rce8 35.Ne3 h5 36.gxh5 gxh5
37.Qe4+ g6 38.Ng2 Qb6 39.b4 Kh6 40.h4 Rf5 41.Qe3+ Qxe3 42.Rxe3 g5 43.hxg5+ Kxg5
44.Bh4+ Kg6 45.e6 a5 46.e7 axb4 47.cxb4 Rb5 48.Re4 Kf5 49.Rd4 Re5 50.Rd8 R8xe7
51.Bxe7 Rxe7 52.Rd5+ Kg4 53.Rd4+ Kf3 54.b5 Rg7 55.Rf4+ Ke2 56.b6 Rb7 57.Rb4 Kd3
58.Nf4+

[Event "2. Bundesliga West 2009/20010"]
[Site "Kufstein"]
[Date "2009.11.28"]
[Round "5"]
[Board "5"]
[White "Rusche, Johannes"]
[Black "Burschowsky, Matthias"]
[Result "1/2-1/2"]
[WhiteElo "2170"]
[BlackElo "2214"]
[PlyCount "104"]
[EventDate "2009.10.23"]
[EventType "team"]
[EventRounds "11"]
[EventCountry "AUT"]
[WhiteTeam "Hypo Kufstein"]
[BlackTeam "Hohenems II"]

1.e4 c5 2.Nf3 e6 3.c3 d5 4.exd5 Qxd5 5.d4 Nf6 6.Bd3 cxd4 7.cxd4 Bb4+ 8.Bd2 Bxd2+
9.Qxd2 O-O 10.Nc3 Qh5 11.Ne5 Nd5 12.Nxd5 exd5 13.O-O f6 14.Be2 Qe8 15.Ng4 Nc6
16.Ne3 Be6 17.Rae1 Qd7 18.f4 Bf5 19.Nxf5 Qxf5 20.Bd3 Qd7 21.Bb1 Rae8 22.a3 Rxe1
23.Rxe1 Re8 24.Ba2 Rxe1+ 25.Qxe1 Kf8 26.Qc3 b6 27.Bb3 Qe6 28.Kf2 Ne7 29.Bc2 Qg4
30.Qg3 Qh5 31.h3 Nf5 32.Qc3 Ne7 33.g4 Qh4+ 34.Qg3 Qxg3+ 35.Kxg3 Nc6 36.Bxh7 Nxd4
37.Bd3 Kf7 38.h4 a5 39.h5 b5 40.Kf2 b4 41.axb4 axb4 42.Ke3 Nb3 43.Bh7 Ke6
44.Bg8+ Kd6 45.g5 fxg5 46.fxg5 Ke5 47.Bxd5 Nc5 48.h6 gxh6 49.gxh6 Kf6 50.Be4 Na6
51.b3 Nc5 52.Bc2 Nxb3

[Event "2. Bundesliga West 2009/20010"]
[Site "Kufstein"]
[Date "2009.11.28"]
[Round "5"]
[Board "6"]
[White "Sandholzer, Robert"]
[Black "Kranewitter, Norbert"]
[Result "1/2-1/2"]
[WhiteElo "2104"]
[BlackElo "2076"]
[PlyCount "85"]
[EventDate "2009.10.23"]
[EventType "team"]
[EventRounds "11"]
[EventCountry "AUT"]
[WhiteTeam "Hohenems II"]
[BlackTeam "Hypo Kufstein"]

1.e4 c6 2.d4 d5 3.e5 c5 4.dxc5 e6 5.Be3 Nh6 6.c3 Nd7 7.Bb5 Qc7 8.b4 Nf5 9.Bd4 a6
10.Bd3 Nxd4 11.cxd4 a5 12.Nc3 axb4 13.Nb5 Qc6 14.Nf3 Be7 15.Qc2 f6 16.Nd6+ Bxd6
17.cxd6 fxe5 18.dxe5 Qc3+ 19.Ke2 b6 20.Rhc1 Qxc2+ 21.Rxc2 Nc5 22.Rb1 Ra3 23.Bb5+
Bd7 24.Rxb4 O-O 25.Nd4 Kf7 26.f4 Rfa8 27.Bxd7 Nxd7 28.f5 Nc5 29.Rxb6 Rxa2
30.Rcb2 exf5 31.Nxf5 Ke6 32.Nxg7+ Kxe5 33.Kf3 Rxb2 34.Rxb2 Kxd6 35.Rb6+ Ke5
36.Rh6 Rf8+ 37.Ke2 Rg8 38.Rh5+ Kf6 39.Rxd5 Rxg7 40.Rxc5 Rxg2+ 41.Kf3 Rxh2 42.Kg3
Rd2 43.Kh4

[Event "2. Bundesliga West 2009/20010"]
[Site "Kufstein"]
[Date "2009.11.28"]
[Round "5"]
[Board "1"]
[White "Dobosz, Henryk"]
[Black "Prusikin, Michael"]
[Result "1/2-1/2"]
[WhiteElo "2404"]
[BlackElo "2534"]
[PlyCount "49"]
[EventDate "2009.10.23"]
[EventType "team"]
[EventRounds "11"]
[EventCountry "AUT"]
[WhiteTeam "Goetzis"]
[BlackTeam "Wuestenrot Sbg SIR"]

1.d4 Nf6 2.Nf3 g6 3.Bg5 Bg7 4.Nbd2 d5 5.e3 O-O 6.Bd3 c5 7.c3 cxd4 8.exd4 Nc6
9.O-O h6 10.Bh4 g5 11.Bg3 Nh5 12.Re1 Nxg3 13.hxg3 Qd6 14.Qe2 Bg4 15.Rad1 Rae8
16.Bb1 e6 17.Nf1 Ne7 18.Ne3 Bh5 19.Qb5 a6 20.Qd3 Bg6 21.Qe2 Bh5 22.Qd3 Bg6
23.Qe2 Bh5 24.Qd3 Bg6 25.Qe2

[Event "2. Bundesliga West 2009/20010"]
[Site "Kufstein"]
[Date "2009.11.28"]
[Round "5"]
[Board "2"]
[White "Bromberger, Stefan"]
[Black "Eisenbeiser, Amadeus"]
[Result "1-0"]
[WhiteElo "2510"]
[BlackElo "2390"]
[PlyCount "67"]
[EventDate "2009.10.23"]
[EventType "team"]
[EventRounds "11"]
[EventCountry "AUT"]
[WhiteTeam "Wuestenrot Sbg SIR"]
[BlackTeam "Goetzis"]

1.e4 d6 2.d4 Nf6 3.Nc3 e5 4.Nf3 Nbd7 5.Bc4 Be7 6.O-O O-O 7.a4 c6 8.Re1 b6 9.h3
a6 10.d5 c5 11.Qd3 Ne8 12.Ne2 Nc7 13.Ng3 g6 14.Bh6 Re8 15.Qd2 Bf8 16.Bg5 Be7
17.Be3 Rb8 18.Bd3 b5 19.axb5 Nxb5 20.c3 Qc7 21.Qe2 Bb7 22.Nd2 Qd8 23.Nc4 Bg5
24.Na5 Bxe3 25.Qxe3 Qb6 26.Qh6 Kh8 27.Re3 Rg8 28.Nc4 Qc7 29.Rf1 Rbe8 30.f4 exf4
31.Qxf4 Ne5 32.Nxe5 Rxe5 33.Qf6+ Rg7 34.Nf5

[Event "2. Bundesliga West 2009/20010"]
[Site "Kufstein"]
[Date "2009.11.28"]
[Round "5"]
[Board "3"]
[White "Schmidlechner, Alexander"]
[Black "Pitl, Gregory"]
[Result "0-1"]
[WhiteElo "2190"]
[BlackElo "2405"]
[PlyCount "64"]
[EventDate "2009.10.23"]
[EventType "team"]
[EventRounds "11"]
[EventCountry "AUT"]
[WhiteTeam "Goetzis"]
[BlackTeam "Wuestenrot Sbg SIR"]

1.d4 Nf6 2.c4 e6 3.Nf3 c5 4.Nc3 cxd4 5.Nxd4 a6 6.e3 Qc7 7.Be2 b6 8.O-O Bb7 9.b3
Nc6 10.Bb2 Rd8 11.Rc1 Qb8 12.Na4 Bd6 13.f4 Bc7 14.Ba3 Ne7 15.Qe1 d6 16.b4 Qa8
17.Bf3 Bxf3 18.Nxf3 O-O 19.Bb2 Ne4 20.Nc3 Rc8 21.Nxe4 Qxe4 22.Ng5 Qg6 23.Rf3 h6
24.Nh3 e5 25.c5 bxc5 26.bxc5 Nf5 27.cxd6 e4 28.Rf1 Bb6 29.Rxc8 Rxc8 30.d7 Rd8
31.Bd4 Rxd7 32.Qc3 Rxd4

[Event "2. Bundesliga West 2009/20010"]
[Site "Kufstein"]
[Date "2009.11.28"]
[Round "5"]
[Board "4"]
[White "Pitschka, Klaus"]
[Black "Scheffknecht, Philipp"]
[Result "1/2-1/2"]
[WhiteElo "2235"]
[BlackElo "2163"]
[PlyCount "82"]
[EventDate "2009.10.23"]
[EventType "team"]
[EventRounds "11"]
[EventCountry "AUT"]
[WhiteTeam "Wuestenrot Sbg SIR"]
[BlackTeam "Goetzis"]

1.e4 c5 2.Nf3 e6 3.c3 b6 4.d4 Bb7 5.Bd3 d6 6.O-O Nd7 7.Re1 Ne7 8.Na3 Qc7 9.b4 a6
10.bxc5 bxc5 11.d5 e5 12.Rb1 Nc8 13.Nh4 g6 14.Nc4 a5 15.Na3 Ba6 16.Bxa6 Rxa6
17.Nf3 Bg7 18.Nd2 O-O 19.Ndc4 Ndb6 20.Re2 Nxc4 21.Nxc4 Nb6 22.Na3 Rb8 23.Reb2
Nd7 24.Rxb8+ Nxb8 25.Qb3 Nd7 26.Qb7 Ra7 27.Qxc7 Rxc7 28.Nc4 Bf8 29.Nxa5 Ra7
30.Rb5 f5 31.a3 Nf6 32.Nc6 Ra8 33.f3 fxe4 34.c4 exf3 35.gxf3 Ra4 36.Ra5 Rxc4
37.Bg5 Nxd5 38.Ra8 Kg7 39.Ra7+ Kg8 40.Ra8 Kg7 41.Ra7+ Kg8

[Event "2. Bundesliga West 2009/20010"]
[Site "Kufstein"]
[Date "2009.11.28"]
[Round "5"]
[Board "5"]
[White "Laske, Erich"]
[Black "Lickleder, Andreas"]
[Result "1-0"]
[WhiteElo "2076"]
[BlackElo "2242"]
[PlyCount "60"]
[EventDate "2009.10.23"]
[EventType "team"]
[EventRounds "11"]
[EventCountry "AUT"]
[WhiteTeam "Goetzis"]
[BlackTeam "Wuestenrot Sbg SIR"]

1.c4 c5 2.Nf3 Nf6 3.Nc3 e6 4.e4 d6 5.d4 cxd4 6.Nxd4 Be7 7.Bd3 O-O 8.O-O b6 9.f4
Bb7 10.f5 Nc6 11.Be3 Qd7 12.Rc1 Ne5 13.b3 d5 14.fxe6 fxe6 15.exd5 exd5 16.Bf5
Qd6 17.Ne6 g6 18.Nb5 Qb8 19.Nxf8 gxf5 20.Ne6 dxc4 21.Rxf5 Be4 22.Rg5+ Kf7
23.Nbc7 Ng6 24.Rxc4 Qb7 25.Nxa8 Kxe6 26.Nc7+ Kf7 27.Nb5 Ne8 28.Qf1+ Kg8 29.Rg4
Nf6 30.Rcxe4 Nxe4

[Event "2. Bundesliga West 2009/20010"]
[Site "Kufstein"]
[Date "2009.11.28"]
[Round "5"]
[Board "6"]
[White "Durakovic, Alman"]
[Black "Kranz, Armin"]
[Result "1-0"]
[WhiteElo "2176"]
[BlackElo "2111"]
[PlyCount "78"]
[EventDate "2009.10.23"]
[EventType "team"]
[EventRounds "11"]
[EventCountry "AUT"]
[WhiteTeam "Wuestenrot Sbg SIR"]
[BlackTeam "Goetzis"]

1.d4 Nf6 2.c4 e6 3.Nf3 b6 4.a3 Ba6 5.Qc2 Bb7 6.Nc3 c5 7.e4 cxd4 8.Nxd4 d6 9.Be2
a6 10.O-O Nbd7 11.Be3 Be7 12.f4 Qc7 13.Rac1 Rc8 14.Bf3 Qb8 15.Qe2 Qa8 16.Bf2 h5
17.Rfe1 Kf8 18.b4 Rh6 19.Rcd1 Rc7 20.Nd5 Rc8 21.Nxe7 Kxe7 22.Bh4 Kf8 23.Bg5 Rh8
24.Nb3 Qb8 25.Qd3 b5 26.cxb5 d5 27.e5 Ng4 28.bxa6 Qa7+ 29.Qd4 Qxa6 30.Na5 f6
31.exf6 Ndxf6 32.Nxb7 Rc4 33.Nc5 Qxa3 34.Nxe6+ Kf7 35.Qa1 Ra8 36.Qxa3 Rxa3 37.f5
Rxb4 38.Bxd5 Nxd5 39.Rxd5 Nf6

[Event "2. Bundesliga West 2009/20010"]
[Site "Kufstein"]
[Date "2009.11.28"]
[Round "5"]
[Board "1"]
[White "Weindl, Alfred"]
[Black "Westermeier, Arnulf"]
[Result "1-0"]
[WhiteElo "2353"]
[BlackElo "2277"]
[PlyCount "119"]
[EventDate "2009.10.23"]
[EventType "team"]
[EventRounds "11"]
[EventCountry "AUT"]
[WhiteTeam "Bregenz"]
[BlackTeam "ASK Salzburg"]

1.Nf3 d5 2.g3 Nf6 3.Bg2 e6 4.O-O Be7 5.d3 O-O 6.Nbd2 c5 7.e4 Nc6 8.Re1 b5 9.e5
Nd7 10.Nf1 Bb7 11.h4 Qb6 12.N1h2 Rae8 13.Ng4 h5 14.Ngh2 f6 15.exf6 Bxf6 16.Ng5
Bxg5 17.Bxg5 g6 18.Bh6 Rf7 19.Bxd5 Nd4 20.Bxb7 Qxb7 21.c3 Nf5 22.Bg5 Ref8 23.Qe2
e5 24.Qe4 Qxe4 25.dxe4 Ng7 26.Rad1 c4 27.Be3 Nf6 28.f3 Rc8 29.Re2 Ne6 30.Red2
Kg7 31.Nf1 Nc5 32.Bxc5 Rxc5 33.Ne3 a6 34.Kg2 Rc6 35.Rd8 Re7 36.Kf2 Kf7 37.Ke2
Re8 38.Rxe8 Kxe8 39.Nd5 Kf7 40.Nxf6 Kxf6 41.Rd5 Ke6 42.f4 exf4 43.gxf4 Kf6
44.Ke3 Rb6 45.Kd4 Rc6 46.a4 bxa4 47.Ra5 Rb6 48.Rxa4 Rxb2 49.Rxa6+ Kf7 50.Rc6 Rh2
51.Ke5 Rxh4 52.Rxc4 Rg4 53.Rc7+ Kg8 54.Rd7 Rg3 55.Kf6 h4 56.e5 Rg4 57.f5 gxf5
58.e6 Ra4 59.Rd8+ Kh7 60.e7

[Event "2. Bundesliga West 2009/20010"]
[Site "Kufstein"]
[Date "2009.11.28"]
[Round "5"]
[Board "2"]
[White "Juergens, Klaus"]
[Black "Hommeles, Theo"]
[Result "0-1"]
[WhiteElo "2162"]
[BlackElo "2412"]
[PlyCount "78"]
[EventDate "2009.10.23"]
[EventType "team"]
[EventRounds "11"]
[EventCountry "AUT"]
[WhiteTeam "ASK Salzburg"]
[BlackTeam "Bregenz"]

1.Nf3 d5 2.g3 Nd7 3.Bg2 e5 4.d3 Ngf6 5.O-O Bd6 6.c4 dxc4 7.dxc4 O-O 8.Nc3 Re8
9.Qc2 c6 10.a3 a5 11.Rd1 Qc7 12.Rb1 Nf8 13.b4 axb4 14.axb4 Bg4 15.Ng5 Be7 16.h3
Bh5 17.Be3 Bg6 18.Nge4 Kh8 19.g4 Ne6 20.Qb2 Nf4 21.Bxf4 exf4 22.Rd4 Nxe4 23.Nxe4
Qe5 24.Rbd1 Bxe4 25.Bxe4 Bf6 26.Bb1 g6 27.Qc2 Qxe2 28.Qxe2 Rxe2 29.Rxf4 Kg7
30.Re4 Rb2 31.c5 Ra1 32.Ree1 Bc3 33.Be4 Bxe1 34.Rxa1 Bxf2+ 35.Kf1 Rxb4 36.Bxc6
Bd4 37.Ra4 Rb1+ 38.Ke2 bxc6 39.Rxd4 Rc1

[Event "2. Bundesliga West 2009/20010"]
[Site "Kufstein"]
[Date "2009.11.28"]
[Round "5"]
[Board "3"]
[White "Poettinger, Harald"]
[Black "Loeffler, Christoph"]
[Result "0-1"]
[WhiteElo "2196"]
[BlackElo "2163"]
[PlyCount "112"]
[EventDate "2009.10.23"]
[EventType "team"]
[EventRounds "11"]
[EventCountry "AUT"]
[WhiteTeam "Bregenz"]
[BlackTeam "ASK Salzburg"]

1.d4 d5 2.c4 e6 3.Nc3 Nf6 4.cxd5 exd5 5.Bg5 Be7 6.e3 c6 7.Qc2 Bg4 8.Nge2 Bh5
9.Nf4 Bg6 10.Nxg6 hxg6 11.Bd3 Nbd7 12.O-O-O Nf8 13.Kb1 Ne6 14.h4 Qa5 15.g3 O-O-O
16.Bxf6 Bxf6 17.Ka1 Kb8 18.Rb1 c5 19.dxc5 Nxc5 20.Rhc1 Nxd3 21.Qxd3 d4 22.Ne4
dxe3 23.Qxe3 Rhe8 24.Qf4+ Qe5 25.Qxe5+ Bxe5 26.Rc2 f6 27.Nd2 Rd3 28.Nb3 b6
29.Re2 Red8 30.Rc1 a5 31.Rcc2 Rd1+ 32.Nc1 R8d5 33.Kb1 Kb7 34.a4 R5d4 35.b3 b5
36.axb5 Kb6 37.Rc4 R4d2 38.Rc2 Rd5 39.Rc4 Rxb5 40.Kc2 Rbd5 41.Na2 R1d4 42.Rxd4
Bxd4 43.Rd2 Rc5+ 44.Kd3 Be5 45.f4 Rd5+ 46.Ke3 Rxd2 47.Kxd2 Bd4 48.g4 Kc5 49.h5
f5 50.hxg6 fxg4 51.Ke2 Kd5 52.Nc1 Ke4 53.Kf1 Kxf4 54.Kg2 Kg5 55.Nd3 Kxg6 56.Nf4+
Kf5

[Event "2. Bundesliga West 2009/20010"]
[Site "Kufstein"]
[Date "2009.11.28"]
[Round "5"]
[Board "4"]
[White "Besner, Bernhard"]
[Black "Hugentobler, Patrick"]
[Result "1-0"]
[WhiteElo "2150"]
[BlackElo "2253"]
[PlyCount "81"]
[EventDate "2009.10.23"]
[EventType "team"]
[EventRounds "11"]
[EventCountry "AUT"]
[WhiteTeam "ASK Salzburg"]
[BlackTeam "Bregenz"]

1.e4 Nf6 2.e5 Nd5 3.d4 d6 4.c4 Nb6 5.exd6 cxd6 6.Nc3 g6 7.Be3 Bg7 8.Rc1 O-O 9.b3
e5 10.dxe5 dxe5 11.Qxd8 Rxd8 12.c5 N6d7 13.Nf3 Nc6 14.Bc4 h6 15.Nb5 Nf8 16.Nd6
Rd7 17.O-O Re7 18.Rfd1 Be6 19.a3 f5 20.Rc2 Bxc4 21.Nxc4 f4 22.Bc1 e4 23.Ne1 Nd4
24.Bxf4 Nxc2 25.Nxc2 Ne6 26.Bd6 Rd7 27.b4 Rc8 28.N2e3 Nd4 29.Nd5 Kf7 30.Re1 Nb5
31.g4 Nd4 32.Rxe4 Re8 33.Rxe8 Kxe8 34.Kg2 Kf7 35.a4 Ne2 36.b5 Rd8 37.c6 bxc6
38.bxc6 Bf8 39.c7 Rc8 40.Bxf8 Kxf8 41.Nd6

[Event "2. Bundesliga West 2009/20010"]
[Site "Kufstein"]
[Date "2009.11.28"]
[Round "5"]
[Board "1"]
[White "Medvegy, Zoltan"]
[Black "Dizdar, Goran"]
[Result "1/2-1/2"]
[WhiteElo "2547"]
[BlackElo "2563"]
[PlyCount "145"]
[EventDate "2009.10.23"]
[EventType "team"]
[EventRounds "11"]
[EventCountry "AUT"]
[WhiteTeam "ATSV Ranshofen"]
[BlackTeam "SC Absam"]

1.e4 e6 2.d4 d5 3.Nd2 c5 4.exd5 exd5 5.Ngf3 Nf6 6.Bb5+ Bd7 7.Bxd7+ Nbxd7 8.O-O
Be7 9.dxc5 Nxc5 10.Nb3 Nce4 11.Nfd4 Qd7 12.f3 Nd6 13.Nc5 Qc8 14.Nd3 O-O 15.Re1
Re8 16.b3 Qd7 17.Bb2 Rac8 18.Qd2 g6 19.Qg5 Bd8 20.a4 a6 21.Nf4 Rxe1+ 22.Rxe1
Nfe4 23.Qh6 Bg5 24.Qh3 Qxh3 25.Nxh3 Bd2 26.Re2 Bc3 27.Bxc3 Nxc3 28.Re7 b5 29.Rd7
Nf5 30.Nxf5 gxf5 31.axb5 Nxb5 32.Rxd5 Rxc2 33.Rxf5 Nd4 34.Rg5+ Kf8 35.b4 Rb2
36.Ra5 Rxb4 37.Rxa6 Rb1+ 38.Kf2 Rb2+ 39.Ke3 Ne6 40.Ra8+ Kg7 41.Nf2 Rb3+ 42.Nd3
Nc5 43.Rd8 h6 44.Rd5 Nxd3 45.Rxd3 Rb1 46.Rd2 Rh1 47.g3 Kg6 48.Kf4 Kf6 49.Kg4 Kg6
50.f4 Kg7 51.Kh5 Ra1 52.f5 Ra5 53.g4 Ra6 54.Rd7 Kg8 55.Rb7 Kg7 56.h4 Kg8 57.Rb8+
Kh7 58.Rb7 Kg8 59.Rd7 Rb6 60.Rd1 Rf6 61.Rd8+ Kh7 62.Rd5 Ra6 63.Rd7 Kg8 64.g5
hxg5 65.hxg5 Ra1 66.Rd8+ Kh7 67.Rd7 Kg8 68.f6 Rg1 69.Rd8+ Kh7 70.Rd4 Rh1+ 71.Rh4
Rg1 72.Rh2 Rg3 73.Rh1

[Event "2. Bundesliga West 2009/20010"]
[Site "Kufstein"]
[Date "2009.11.28"]
[Round "5"]
[Board "2"]
[White "Wegerle, Joerg"]
[Black "Konnyu, Janos"]
[Result "1/2-1/2"]
[WhiteElo "2430"]
[BlackElo "2401"]
[PlyCount "62"]
[EventDate "2009.10.23"]
[EventType "team"]
[EventRounds "11"]
[EventCountry "AUT"]
[WhiteTeam "SC Absam"]
[BlackTeam "ATSV Ranshofen"]

1.d4 d5 2.Nf3 Nf6 3.c4 c6 4.e3 Bf5 5.Nc3 e6 6.Qb3 Qb6 7.Qxb6 axb6 8.Nh4 Bg6
9.Nxg6 hxg6 10.Bd2 Nbd7 11.Bd3 dxc4 12.Bxc4 b5 13.Bb3 b4 14.Ne2 Ne4 15.Rd1 Bd6
16.f3 Nxd2 17.Rxd2 Ke7 18.Kf2 Rad8 19.h3 g5 20.Nc1 f5 21.Rdd1 e5 22.Bc2 g6
23.dxe5 Nxe5 24.Nd3 Nxd3+ 25.Bxd3 Ra8 26.Bb1 Be5 27.b3 Rhd8 28.Rxd8 Rxd8 29.Ke2
Bc3 30.Rd1 Rxd1 31.Kxd1 Kf6

[Event "2. Bundesliga West 2009/20010"]
[Site "Kufstein"]
[Date "2009.11.28"]
[Round "5"]
[Board "4"]
[White "Gerhold, Michael"]
[Black "Dovzik, Juri"]
[Result "1/2-1/2"]
[WhiteElo "2241"]
[BlackElo "2365"]
[PlyCount "63"]
[EventDate "2009.10.23"]
[EventType "team"]
[EventRounds "11"]
[EventCountry "AUT"]
[WhiteTeam "SC Absam"]
[BlackTeam "ATSV Ranshofen"]

1.Nf3 d5 2.d4 Nf6 3.c4 c6 4.cxd5 cxd5 5.Nc3 Nc6 6.Bf4 a6 7.Rc1 e6 8.e3 Be7 9.Bd3
O-O 10.h3 Bd7 11.O-O Qa5 12.Ne5 Be8 13.Bg5 Qd8 14.f4 h6 15.Bh4 Nh7 16.Bxe7 Qxe7
17.a3 f5 18.Na4 Nf6 19.Nc5 Ne4 20.Nxc6 Bxc6 21.Nxa6 g5 22.Nc5 gxf4 23.Qh5 Rf6
24.Rxf4 Qg7 25.Nxe4 dxe4 26.Bc4 Kh7 27.Bf1 Rg6 28.Qe2 Kg8 29.Rc2 Rg3 30.Qf2 Rf3
31.Rxf3 exf3 32.Rxc6

[Event "2. Bundesliga West 2009/20010"]
[Site "Kufstein"]
[Date "2009.11.28"]
[Round "5"]
[Board "5"]
[White "Ager, Josef"]
[Black "De, Francesco Klaus"]
[Result "1/2-1/2"]
[WhiteElo "2214"]
[BlackElo "2296"]
[PlyCount "95"]
[EventDate "2009.10.23"]
[EventType "team"]
[EventRounds "11"]
[EventCountry "AUT"]
[WhiteTeam "ATSV Ranshofen"]
[BlackTeam "SC Absam"]

1.Nf3 d5 2.g3 Nf6 3.c4 c6 4.Bg2 Bf5 5.O-O e6 6.d3 Be7 7.b3 h6 8.Bb2 O-O 9.Nc3 a5
10.cxd5 exd5 11.Rc1 Na6 12.Nd4 Bh7 13.Bh3 Re8 14.Nb1 Bf8 15.Nd2 Nc5 16.N2f3 a4
17.b4 a3 18.Ba1 Ncd7 19.Rb1 Bd6 20.Nc2 Qe7 21.Re1 Ne5 22.Nxe5 Bxe5 23.Bxe5 Qxe5
24.Bg2 Bf5 25.Qd2 Be6 26.d4 Qh5 27.f3 Qg6 28.Rb3 Bf5 29.Ne3 Bd7 30.Qd3 Qg5
31.Nf1 Bf5 32.Qd2 Qg6 33.Qc3 Re7 34.Rxa3 Rae8 35.e3 h5 36.Qd2 Nd7 37.Qf2 Nb6
38.Nd2 Qd6 39.Rb3 Bc2 40.Rc3 Ba4 41.a3 Bb5 42.Bf1 Bxf1 43.Kxf1 Qg6 44.e4 dxe4
45.Rxe4 Nd5 46.Rb3 Nf6 47.Rxe7 Rxe7 48.Re3

[Event "2. Bundesliga West 2009/20010"]
[Site "Kufstein"]
[Date "2009.11.28"]
[Round "5"]
[Board "6"]
[White "Natter, Siegfried"]
[Black "Sadilek, Peter"]
[Result "1/2-1/2"]
[WhiteElo "2262"]
[BlackElo "2198"]
[PlyCount "100"]
[EventDate "2009.10.23"]
[EventType "team"]
[EventRounds "11"]
[EventCountry "AUT"]
[WhiteTeam "SC Absam"]
[BlackTeam "ATSV Ranshofen"]

1.e4 d6 2.d4 Nf6 3.Nc3 e5 4.Nf3 Nbd7 5.Bc4 Be7 6.O-O O-O 7.Re1 c6 8.a4 b6 9.Bd3
Qc7 10.Ne2 Re8 11.Ng3 Bf8 12.c3 g6 13.h4 Bb7 14.h5 d5 15.hxg6 hxg6 16.dxe5 Nxe5
17.Nxe5 Qxe5 18.f4 Qd6 19.e5 Ng4 20.b4 f5 21.Qc2 Qe7 22.Nf1 c5 23.Be2 Qh4 24.g3
Qh3 25.Bxg4 Qxg4 26.Qg2 Rad8 27.Ne3 Qh5 28.c4 cxb4 29.Nxd5 Rxd5 30.cxd5 Rd8
31.Qh1 Qxh1+ 32.Kxh1 Rxd5 33.Kh2 Rd7 34.Be3 Kf7 35.Red1 Bd5 36.a5 b5 37.a6 Ke6
38.g4 Rc7 39.Rac1 Rh7+ 40.Kg3 fxg4 41.Kxg4 Be4 42.Rc8 Bf5+ 43.Kg3 Rh3+ 44.Kf2
Be7 45.Rc6+ Kf7 46.Rc7 Ke6 47.Bc5 Bh4+ 48.Kg2 Rg3+ 49.Kh2 Rh3+ 50.Kg2 Rg3+

[Event "2. Bundesliga West 2009/20010"]
[Site "Kufstein"]
[Date "2009.11.28"]
[Round "5"]
[Board "1"]
[White "Krstic, Uros"]
[Black "Bertagnolli, Alexander"]
[Result "0-1"]
[WhiteElo "2377"]
[BlackElo "2332"]
[PlyCount "100"]
[EventDate "2009.10.23"]
[EventType "team"]
[EventRounds "11"]
[EventCountry "AUT"]
[WhiteTeam "Sparkasse Schwarzach"]
[BlackTeam "Rochade Rum"]

1.e4 c5 2.Nf3 e6 3.d3 Nc6 4.g3 Nf6 5.Bg2 d5 6.Nbd2 Be7 7.O-O O-O 8.Re1 Qc7 9.a3
b6 10.e5 Nd7 11.Qe2 Ba6 12.h4 Rae8 13.Nf1 f6 14.exf6 Bxf6 15.c4 e5 16.Ne3 Nd4
17.Qd1 dxc4 18.dxc4 e4 19.Nd2 Nf3+ 20.Nxf3 exf3 21.Bh3 Bd4 22.Kh2 Ne5 23.Nd5 Qf7
24.Bf4 Nxc4 25.Nc7 Rxe1 26.Qxe1 Bc8 27.Qe4 Bxh3 28.Kxh3 Qf5+ 29.Qxf5 Rxf5 30.Nb5
Bxb2 31.Rd1 Nxa3 32.Nxa7 c4 33.Nc6 Rc5 34.Rd8+ Kf7 35.Rd7+ Ke6 36.Rd6+ Kf5
37.Ne7+ Ke4 38.Rxb6 Bd4 39.Ra6 Nc2 40.Nc6 Bxf2 41.Nd8 Nd4 42.Nb7 Rd5 43.Ra3 Ne2
44.Nd6+ Rxd6 45.Bxd6 c3 46.Ra8 c2 47.Ba3 Bxg3 48.Re8+ Be5 49.h5 Ng1+ 50.Kg4 f2

[Event "2. Bundesliga West 2009/20010"]
[Site "Kufstein"]
[Date "2009.11.28"]
[Round "5"]
[Board "2"]
[White "Gatterer, Florian"]
[Black "Danner, Georg"]
[Result "1-0"]
[WhiteElo "2323"]
[BlackElo "2450"]
[PlyCount "141"]
[EventDate "2009.10.23"]
[EventType "team"]
[EventRounds "11"]
[EventCountry "AUT"]
[WhiteTeam "Rochade Rum"]
[BlackTeam "Sparkasse Schwarzach"]

1.e4 c5 2.Nf3 Nc6 3.Bb5 Nf6 4.Bxc6 dxc6 5.d3 Qc7 6.h3 e5 7.Nbd2 h6 8.b3 Be6
9.Bb2 Bd6 10.Nc4 Nd7 11.O-O O-O-O 12.Nh4 g5 13.Nf5 Bxf5 14.exf5 h5 15.Qe2 Rde8
16.Rfe1 g4 17.f4 gxf3 18.Qxf3 h4 19.Re2 f6 20.Re4 Bf8 21.Kh1 b5 22.Ne3 Nb6 23.c4
Rd8 24.Rd1 Rh7 25.Ng4 Nd7 26.cxb5 cxb5 27.b4 Qb6 28.Rc1 Kb8 29.Re2 Rc8 30.Rec2
Bh6 31.Nxh6 Rxh6 32.bxc5 Qc6 33.Qg4 Rhh8 34.a4 bxa4 35.Ra1 Rc7 36.Rxa4 Rb7
37.Rb4 Rxb4 38.Qxb4+ Ka8 39.Qe4 Kb7 40.Qb4+ Ka8 41.Qc4 Nb8 42.d4 exd4 43.Bxd4
Re8 44.Re2 Rxe2 45.Qxe2 Nd7 46.Qf2 Qe4 47.c6 Qxc6 48.Qxh4 Kb7 49.Qf4 a5 50.h4
Qc4 51.h5 Qf7 52.Qf3+ Kc7 53.h6 Kd8 54.Qh3 Nf8 55.Qd3 Qh5+ 56.Kg1 Ke8 57.Qe4+
Kf7 58.Qd5+ Ke8 59.Be3 Qe2 60.Qe4+ Kd7 61.Kh2 Qh5+ 62.Kg3 Qe8 63.Qd5+ Kc8 64.Bf4
Qe1+ 65.Kh3 Qe2 66.Qa8+ Kd7 67.Qxf8 Qh5+ 68.Kg3 Qxf5 69.Qg7+ Kc6 70.h7 Qd3+
71.Kh2